FAQ: How long should I retain documentation? (Record no. 121323)
[ view plain ]
| 000 -LEADER | |
|---|---|
| fixed length control field | 01215nam a22001337a 4500 |
| 008 - FIXED-LENGTH DATA ELEMENTS--GENERAL INFORMATION | |
| fixed length control field | 230110t2023 xxk ||||o|||| 00| 0 eng d |
| 110 ## - MAIN ENTRY--CORPORATE NAME | |
| Corporate author | RICS Knowledge and Information Service |
| 245 ## - TITLE STATEMENT | |
| Title | FAQ: How long should I retain documentation? |
| 260 ## - PUBLICATION INFORMATION | |
| Publisher | RICS Knowledge and Information Service, |
| Date | Last reviewed 23rd January 2023 |
| 490 ## - SERIES TITLE | |
| Series statement | RICS FAQ |
| 520 ## - ABSTRACT | |
| Abstract | 15 years for e.g. Home Surveys 4.13 https://www.rics.org/globalassets/rics-website/media/qualify/home-survey-standard-nov-2020.pdf <br/><br/>The RICS risk and liability insurance document https://www.rics.org/uk/upholding-professional-standards/standards-of-conduct/risk-liability-and-insurance/ refers to limitation periods and document retention (2.7.8 and 2.7.9). <br/><br/>Depending on the type of files and where you are based there may be other statutory considerations which we couldn't individually comment on.<br/> <br/>We understand the professionals involved in one case decided that where the blocks are abutted but there is no connecting floors/stairs etc that they are separate blocks – but each case has to be decided on its own merits as they will likely be unique.<br/> |
| 650 ## - KEYWORDS | |
| Keywords | Document retention |
| 710 ## - ADDED CORPORATE NAME | |
| Added corporate author | RICS Knowledge and Information Service |
| Withdrawn status | Lost status | Source of classification or shelving scheme | Damaged status | Not for loan | Home library | Current library | Shelving location | Date acquired | Total Checkouts | Date last seen | Price effective from | Koha item type |
|---|---|---|---|---|---|---|---|---|---|---|---|---|
| Dewey Decimal Classification | Virtual | Virtual | Enquiry desk | 23/01/2023 | 23/01/2023 | 23/01/2023 | Reference material |